[Event "Aeroflot Open A 2015"]
[Site "Moscow RUS"]
[Date "2015.04.04"]
[Round "9.18"]
[White "Kobalia, Mikhail"]
[Black "Wagner, Dennis"]
[Result "1/2-1/2"]
[WhiteTitle "GM"]
[BlackTitle "IM"]
[WhiteElo "2632"]
[BlackElo "2549"]
[WhiteFideId "4119150"]
[BlackFideId "24650684"]
[EventDate "2015.03.27"]

1. e4 c5 2. Nf3 e6 3. d4 cxd4 4. Nxd4 Nc6 5. Nc3 Qc7 6. Be2 Nf6 7. O-O Be7 8.
Be3 O-O 9. f4 d6 10. Kh1 Nxd4 11. Qxd4 b6 12. f5 Re8 13. Bg5 h6 14. Bh4 Qc5 15.
Qxc5 bxc5 16. Rad1 Rb8 17. b3 exf5 18. exf5 Nd5 19. Rxd5 Bxh4 20. Bc4 Bf6 21.
Nb5 Bb7 22. Rxd6 a6 23. Nc7 Red8 24. Rfd1 Bd4 25. Rxd8+ Rxd8 26. c3 Bf6 27.
Rxd8+ Bxd8 28. Nxa6 Bxa6 29. Bxa6 Ba5 30. Kg1 Bxc3 31. Kf2 Kf8 32. Ke3 Ke7 33.
Kd3 Bb4 34. a4 Kd6 35. Kc4 f6 36. Kb5 Kc7 37. a5 Bc3 38. Ka4 Be5 39. h3 h5 40.
Bc4 h4 41. Kb5 Bd4 42. Bd5 Kb8 43. Ka6 Kc7 44. Bc4 Be3 45. Kb5 Bd4 46. Be2 Kb8
47. Kc6 Ka7 48. Kd6 Be3 49. Kd5 Kb8 50. Ke4 Bg5 51. Kd5 Be3 52. Kd6 Ka7 1/2-1/2

[Event "Aeroflot Open A 2015"]
[Site "Moscow RUS"]
[Date "2015.04.04"]
[Round "9.19"]
[White "Svetushkin, Dmitry"]
[Black "Sanal, Vahap"]
[Result "0-1"]
[WhiteTitle "GM"]
[BlackTitle "IM"]
[WhiteElo "2592"]
[BlackElo "2487"]
[WhiteFideId "13900463"]
[BlackFideId "6300545"]
[EventDate "2015.03.27"]

1. d4 Nf6 2. c4 e6 3. Nf3 b6 4. a3 Ba6 5. Qb3 d5 6. cxd5 exd5 7. Nc3 Be7 8. Bg5
c6 9. g3 O-O 10. Bg2 Re8 11. O-O Nbd7 12. Rfe1 Ne4 13. Bxe7 Qxe7 14. Rac1 f5 15.
Bh3 Nd6 16. Nd2 Nf6 17. Qc2 g6 18. b4 Kg7 19. a4 Rac8 20. Qb2 Nc4 21. Nxc4 Bxc4
22. Nd1 Qd6 23. Rc3 c5 24. dxc5 bxc5 25. b5 Qe6 26. Re3 Qf7 27. Rxe8 Rxe8 28.
Qc2 a6 29. Ne3 axb5 30. axb5 Bxb5 31. Qxc5 Bc4 32. Bg2 Qe7 33. Qa5 Qd8 34. Qa1
Qd6 35. Bf3 Qe5 36. Qa7+ Re7 37. Qa3 Rc7 38. Rb1 f4 39. Rb8 Rf7 40. Nxc4 Qxb8
41. Nd2 Qe5 42. Qb4 g5 43. g4 Rc7 44. Nb3 Rc4 45. Qb6 Kf7 46. Nc5 h5 47. h3 hxg4
48. hxg4 Qe7 49. Nd3 Qe6 50. Qb8 Kg7 51. Kg2 Qe7 52. Qb6 Rc7 53. Kh3 Rb7 54. Qa6
Rd7 55. Qc8 Qd8 56. Qc6 Rd6 57. Qc2 Qe7 58. Qc8 Qd7 59. Qc3 Kh6 60. Qb4 Kg7 61.
Nc5 Qc7 62. Nd3 Qe7 63. Qd4 Rd8 64. Kg2 Rb8 65. Qc3 Rd8 66. Qd4 Qe6 67. Qa7+ Kg6
68. Qc7 Re8 69. Qb7 Nxg4 70. Nc5 Qc8 71. Qxd5 Nf6 72. Qd6 Kg7 73. Qd4 Qf5 74.
Nd3 Kg6 75. Qd6 Kg7 76. Qc7+ Kh6 77. Qc4 g4 78. Bc6 f3+ 79. Kg3 Rxe2 80. Nf4
Nh5+ 81. Nxh5 Kxh5 82. Bd7 Qxd7 83. Qc3 Qd6+ 0-1

[Event "Aeroflot Open A 2015"]
[Site "Moscow RUS"]
[Date "2015.04.04"]
[Round "9.21"]
[White "Gundavaa, Bayarsaikhan"]
[Black "Ponkratov, Pavel"]
[Result "1/2-1/2"]
[WhiteTitle "GM"]
[BlackTitle "GM"]
[WhiteElo "2505"]
[BlackElo "2613"]
[WhiteFideId "4901045"]
[BlackFideId "4157800"]
[EventDate "2015.03.27"]

1. d4 Nf6 2. c4 e6 3. Nc3 Bb4 4. Qc2 c5 5. dxc5 Qc7 6. Nf3 a6 7. e3 Bxc5 8. Be2
b6 9. O-O Bb7 10. b3 Ng4 11. h3 h5 12. Rd1 Nc6 13. Ne4 Nce5 14. hxg4 hxg4 15.
Nxe5 Qxe5 16. Ng3 Qg5 17. Bd3 f5 18. Bxf5 exf5 19. Qxf5 Qxf5 20. Nxf5 O-O-O 21.
Bb2 Rh7 22. Ng3 Rdh8 23. Rac1 a5 24. Kf1 Rh2 25. e4 Re8 26. Kg1 Reh8 27. Kf1 Re8
28. Kg1 Rh7 29. Bd4 Ba3 30. Rc2 Re6 31. Re2 Bd6 32. Rd3 Bf4 33. Re1 g5 34. Bc3
Bc6 35. a4 Bb7 36. Bd4 Rd6 37. Nf5 Re6 38. Ng3 Reh6 39. Bc3 Bxg3 40. fxg3 Rh1+
41. Kf2 Rxe1 42. Bxe1 Bxe4 43. Rd4 Rf7+ 44. Kg1 Re7 45. Bd2 Bc2 46. c5 Re4 1/2-1/2

[Event "Aeroflot Open A 2015"]
[Site "Moscow RUS"]
[Date "2015.04.04"]
[Round "9.22"]
[White "Shimanov, Aleksandr"]
[Black "Tabatabaei, M.amin"]
[Result "1-0"]
[WhiteTitle "GM"]
[BlackTitle "FM"]
[WhiteElo "2594"]
[BlackElo "2448"]
[WhiteFideId "4198603"]
[BlackFideId "12521213"]
[EventDate "2015.03.27"]

1. d4 Nf6 2. c4 e6 3. Nc3 Bb4 4. e3 O-O 5. Bd3 d5 6. cxd5 exd5 7. Ne2 Re8 8. Bd2
c6 9. O-O Nbd7 10. f3 c5 11. a3 Ba5 12. dxc5 Nxc5 13. Bb5 Ncd7 14. Nd4 a6 15.
Ba4 Bc7 16. Rc1 Qe7 17. Nce2 Bb8 18. Ng3 g6 19. Re1 h5 20. Bb4 Qd8 21. Qd2 h4
22. Nge2 h3 23. g4 Ba7 24. Bd6 b5 25. Bb3 Ne5 26. Bxe5 Rxe5 27. Nf4 Bd7 28. Nxh3
Bb6 29. Nc6 Bxc6 30. Rxc6 Ba7 31. Kh1 Qe7 32. e4 dxe4 33. Qh6 Nd5 34. f4 Qe8 35.
fxe5 Qxc6 36. Ng5 Qb7 37. Qh7+ Kf8 38. Rf1 Nf4 39. Rxf4 e3+ 40. Nf3 1-0

[Event "Aeroflot Open A 2015"]
[Site "Moscow RUS"]
[Date "2015.04.04"]
[Round "9.23"]
[White "Mozharov, Mikhail"]
[Black "Savchenko, Boris"]
[Result "1-0"]
[WhiteTitle "GM"]
[BlackTitle "GM"]
[WhiteElo "2555"]
[BlackElo "2581"]
[WhiteFideId "4189825"]
[BlackFideId "4147332"]
[EventDate "2015.03.27"]

1. Nf3 Nf6 2. c4 g6 3. g3 Bg7 4. Bg2 O-O 5. O-O c5 6. Nc3 d5 7. cxd5 Nxd5 8.
Nxd5 Qxd5 9. d4 Rd8 10. Be3 Qe6 11. Qa4 Bd7 12. Qa5 Qb6 13. Qxc5 Qxc5 14. dxc5
Bb5 15. Nd4 Bxd4 16. Bxd4 Nc6 17. Bc3 Bxe2 18. Rfe1 Bc4 19. b4 Kf8 20. a4 Bd5
21. Bf1 a5 22. b5 Nb4 23. Red1 Rac8 24. Bxb4 axb4 25. c6 bxc6 26. b6 Rb8 27. a5
e6 28. Rdc1 Ke7 29. Rab1 b3 30. Rc3 Kd6 31. Rd1 Ke7 32. Rd4 c5 33. Rxc5 Bb7 34.
Rc7+ Kf6 35. Rb4 Rd1 36. Rxb7 Rxb7 37. a6 Rb8 38. a7 Rxb6 39. Rxb6 Ra1 40. Ra6 1-0

[Event "Aeroflot Open A 2015"]
[Site "Moscow RUS"]
[Date "2015.04.04"]
[Round "9.24"]
[White "Bogdanovich, Stanislav"]
[Black "Asgarizadeh, Ahmad"]
[Result "1/2-1/2"]
[WhiteTitle "IM"]
[WhiteElo "2581"]
[BlackElo "2412"]
[WhiteFideId "14115298"]
[BlackFideId "12505684"]
[EventDate "2015.03.27"]

1. Nf3 Nf6 2. d4 c5 3. d5 e6 4. c4 exd5 5. cxd5 d6 6. Nc3 g6 7. Bf4 Bg7 8. Qa4+
Bd7 9. Qb3 Qc7 10. e3 Nh5 11. Bg5 h6 12. Bh4 g5 13. Bg3 Nxg3 14. hxg3 O-O 15.
Bd3 f5 16. Nd2 Na6 17. a3 Rab8 18. Bb5 Rbd8 19. Bxd7 Qxd7 20. Nc4 Nb8 21. O-O-O
a6 22. a4 Qe7 23. e4 fxe4 24. Rde1 b5 25. axb5 axb5 26. Nxb5 Rxf2 27. Nc3 Rxg2
28. Ne3 Rxg3 29. Nf5 Qe5 30. Nxg3 Qxg3 31. Qc2 Nd7 32. Qxe4 Ne5 33. Reg1 Qf2 34.
Rf1 Qd4 35. Qxd4 cxd4 36. Ne4 Nd3+ 37. Kd2 Nf4 38. b4 Nxd5 39. b5 Ne3 40. Rb1 d5
41. Ng3 Ra8 42. Ra1 Nc4+ 43. Kd3 Nb2+ 44. Kd2 Nc4+ 45. Kd3 Ne5+ 46. Kd2 Nc4+ 47.
Kd3 Ne5+ 48. Kd2 Nc4+ 49. Kd3 Ne5+ 50. Kd2 1/2-1/2

[Event "Aeroflot Open A 2015"]
[Site "Moscow RUS"]
[Date "2015.04.04"]
[Round "9.25"]
[White "Kovalevskaya, Ekaterina"]
[Black "Bluebaum, Matthias"]
[Result "1/2-1/2"]
[WhiteTitle "IM"]
[BlackTitle "IM"]
[WhiteElo "2438"]
[BlackElo "2576"]
[WhiteFideId "4116704"]
[BlackFideId "24651516"]
[EventDate "2015.03.27"]

1. e4 e6 2. d4 d5 3. exd5 exd5 4. Nf3 Bd6 5. c4 Nf6 6. Nc3 O-O 7. cxd5 h6 8. Bc4
Re8+ 9. Be3 Nbd7 10. O-O Nb6 11. Bb3 Bg4 12. h3 Bh5 13. Qd3 Bxf3 14. gxf3 Qd7
15. Kg2 Nh5 16. Rae1 Bf4 17. d6 Bxe3 18. fxe3 cxd6 19. Qb5 Qxb5 20. Nxb5 Red8
21. Rc1 a6 22. Nc7 Rab8 23. Nd5 Nxd5 24. Bxd5 Nf6 25. Bb3 Rbc8 26. Kf2 Kf8 27.
e4 Nh5 28. Ke3 g5 29. Bd5 Nf4 30. Bxb7 Rb8 31. Bxa6 Rxb2 32. d5 Rxa2 33. Rc8
Rxc8 34. Bxc8 Ke7 35. Rb1 Kf6 36. Rb7 Rc2 37. Bf5 Rh2 38. Rd7 Nxd5+ 39. exd5
Kxf5 40. Rxd6 Rxh3 41. Ke2 h5 42. Rh6 Rh2+ 43. Ke3 Rh1 44. d6 Re1+ 45. Kf2 Rd1
46. Rxh5 Kf4 47. Rh6 f5 48. Ke2 Rd5 49. Rg6 Rd4 50. Re6 Kg3 51. Rg6 g4 52. fxg4
f4 53. Rf6 Kxg4 54. Rg6+ Kf5 55. Rg8 Rxd6 56. Rf8+ Ke4 57. Re8+ Kd4 58. Kf3 Rf6
59. Re4+ Kd5 60. Rxf4 Ke5 61. Rxf6 Kxf6 62. Ke4 1/2-1/2

[Event "Aeroflot Open A 2015"]
[Site "Moscow RUS"]
[Date "2015.04.04"]
[Round "9.26"]
[White "Esen, Baris"]
[Black "Vishnu Prasanna, V"]
[Result "1-0"]
[WhiteTitle "GM"]
[BlackTitle "GM"]
[WhiteElo "2571"]
[BlackElo "2477"]
[WhiteFideId "6302114"]
[BlackFideId "5030692"]
[EventDate "2015.03.27"]

1. d4 Nf6 2. c4 e6 3. Nc3 Bb4 4. Qc2 O-O 5. a3 Bxc3+ 6. Qxc3 d5 7. Bg5 dxc4 8.
Qxc4 b6 9. Rd1 Ba6 10. Qa4 Qd7 11. Qc2 Qc6 12. Qxc6 Nxc6 13. Bxf6 gxf6 14. Nf3
Rfd8 15. e3 Bxf1 16. Rxf1 Na5 17. Ke2 Rab8 18. Rc1 c5 19. b4 Nb7 20. bxc5 bxc5
21. Rc2 cxd4 22. Nxd4 Na5 23. Rc7 a6 24. Rd1 h6 25. Rd2 Rdc8 26. Rdc2 Rxc7 27.
Rxc7 Rb2+ 28. Rc2 Rb6 29. Kd3 f5 30. Rc5 Nb3 31. Rc6 Rb7 32. Kc2 Nxd4+ 33. exd4
a5 34. Rc5 a4 35. d5 exd5 36. Rxd5 Rc7+ 37. Kd2 Rb7 38. Rxf5 Rb2+ 39. Kc1 Ra2
40. Rf3 h5 41. Kb1 Re2 42. Rf4 Kg7 43. g3 Kg6 44. Rxa4 Rxf2 45. Rh4 Re2 46. a4
Re5 47. Kb2 Kg5 48. Kb3 f5 49. Kb4 Re2 50. a5 Ra2 51. Kb5 Rb2+ 52. Rb4 Rxh2 53.
a6 Re2 54. a7 Re5+ 55. Ka6 Re6+ 56. Ka5 Re5+ 57. Ka4 Re1 58. Rb3 Re4+ 59. Ka3
Re1 60. Ka2 Re2+ 61. Rb2 Re8 62. Rb8 Re2+ 63. Kb1 Re1+ 64. Kc2 Ra1 65. a8=Q Rxa8
66. Rxa8 Kg4 67. Rg8+ 1-0

[Event "Aeroflot Open A 2015"]
[Site "Moscow RUS"]
[Date "2015.04.04"]
[Round "9.28"]
[White "Yilmaz, Mustafa"]
[Black "Batchuluun, Tsegmed"]
[Result "1-0"]
[WhiteTitle "GM"]
[BlackTitle "GM"]
[WhiteElo "2570"]
[BlackElo "2499"]
[WhiteFideId "6302718"]
[BlackFideId "4900847"]
[EventDate "2015.03.27"]

1. Nf3 Nf6 2. c4 e6 3. Nc3 d5 4. d4 Be7 5. Bg5 h6 6. Bh4 O-O 7. e3 b6 8. Be2 Bb7
9. Bxf6 Bxf6 10. cxd5 exd5 11. O-O c6 12. Qb3 Re8 13. Rad1 Nd7 14. Rfe1 Nf8 15.
e4 Ne6 16. e5 Be7 17. Bd3 c5 18. dxc5 Nxc5 19. Qc2 Nxd3 20. Rxd3 Bb4 21. a3 Bxc3
22. Qxc3 Rc8 23. Qd2 Qc7 24. Rc3 Qd7 25. Nd4 Rxc3 26. Qxc3 Rc8 27. Qd2 Ba6 28.
h3 Qa4 29. f4 Qc4 30. Rd1 Rc7 31. Kh2 Kh7 32. Qe3 Bc8 33. f5 Qa4 34. Re1 Qe8 35.
Qd3 Kg8 36. b3 a5 37. Qg3 Kh8 38. f6 g6 39. e6 Ra7 40. Qb8 1-0

[Event "Aeroflot Open A 2015"]
[Site "Moscow RUS"]
[Date "2015.04.04"]
[Round "9.29"]
[White "Kuderinov, Kirill"]
[Black "Sandipan, Chanda"]
[Result "1-0"]
[WhiteTitle "IM"]
[BlackTitle "GM"]
[WhiteElo "2465"]
[BlackElo "2569"]
[WhiteFideId "13701568"]
[BlackFideId "5004225"]
[EventDate "2015.03.27"]

1. e4 e5 2. Nf3 Nc6 3. Bc4 Bc5 4. O-O Nf6 5. d3 O-O 6. Bg5 h6 7. Bh4 Be7 8. Nc3
d6 9. Bxf6 Bxf6 10. Nd5 Na5 11. Bb3 Nxb3 12. axb3 Be6 13. Nxf6+ Qxf6 14. Nd2 Qg5
15. Nf3 Qh5 16. Nd2 Qg5 17. Nf3 Qe7 18. Qe2 f5 19. d4 fxe4 20. Qxe4 c6 21. dxe5
Bd5 22. Qh4 Qf7 23. Ne1 dxe5 24. c4 Be6 25. Nd3 e4 26. Qxe4 Bf5 27. Qe3 b5 28.
Ne5 Qb7 29. Qc5 Rf6 30. Rfe1 a5 31. Re3 a4 32. cxb5 cxb5 33. Rae1 Raf8 34. Rf3
Be6 35. Rxf6 Rxf6 36. bxa4 bxa4 37. Qd4 Bd5 38. Rd1 Bb3 39. Rd3 Qb6 40. h4 Qxd4
41. Rxd4 Rf5 42. Rd8+ Kh7 43. Re8 Rf4 44. Rh8+ Kxh8 45. Ng6+ Kg8 46. Nxf4 Kf7
47. Kf1 Kf6 48. Ke2 Kf5 49. Ke3 g5 50. hxg5 hxg5 51. Nd3 Bd5 52. g3 Kg4 53. Nc5
Bc6 54. Ne6 Bd7 55. Nd4 Be8 56. Ke4 Bg6+ 57. Ke5 Bb1 58. f4 Ba2 59. f5 Bg8 60.
Ne6 Kh5 61. f6 Kh6 62. Nc5 1-0

[Event "Aeroflot Open A 2015"]
[Site "Moscow RUS"]
[Date "2015.04.04"]
[Round "9.30"]
[White "Can, Emre"]
[Black "Stupak, Kirill"]
[Result "1/2-1/2"]
[WhiteTitle "GM"]
[BlackTitle "GM"]
[WhiteElo "2555"]
[BlackElo "2567"]
[WhiteFideId "6302181"]
[BlackFideId "13503758"]
[EventDate "2015.03.27"]

1. d4 e6 2. c4 Bb4+ 3. Nd2 Nf6 4. Nf3 O-O 5. a3 Be7 6. e4 c5 7. e5 Ne8 8. dxc5
Bxc5 9. Bd3 Be7 10. Qc2 h6 11. O-O b6 12. Ne4 Bb7 13. Bf4 f5 14. exf6 Nxf6 15.
Nxf6+ Rxf6 16. Be5 Bxf3 17. Bxf6 Bxf6 18. gxf3 Nc6 19. Qe2 Be5 20. Qe4 Qf6 21.
Rad1 Rf8 22. b4 Nd4 23. f4 Qh4 24. Qh7+ Kf7 25. fxe5 Qg4+ 26. Kh1 Qf3+ 27. Kg1
Qg4+ 28. Kh1 Qf3+ 29. Kg1 Qg4+ 1/2-1/2

[Event "Aeroflot Open A 2015"]
[Site "Moscow RUS"]
[Date "2015.04.04"]
[Round "9.31"]
[White "Swayams, Mishra"]
[Black "Kotronias, Vasilios"]
[Result "1-0"]
[WhiteTitle "IM"]
[BlackTitle "GM"]
[WhiteElo "2440"]
[BlackElo "2565"]
[WhiteFideId "5028183"]
[BlackFideId "5900212"]
[EventDate "2015.03.27"]

1. d4 Nf6 2. c4 g6 3. Nc3 Bg7 4. e4 d6 5. Nf3 O-O 6. Be2 e5 7. O-O Nc6 8. d5 Ne7
9. Ne1 Nd7 10. Be3 f5 11. f3 f4 12. Bf2 g5 13. a4 a5 14. Nd3 b6 15. b4 axb4 16.
Nxb4 Nf6 17. Nc6 Nxc6 18. dxc6 Qe8 19. Nd5 Rf7 20. Qb3 h5 21. c5 Nxd5 22. cxd6
Nf6 23. d7 Nxd7 24. cxd7 Bxd7 25. Bc4 Bf8 26. Rfd1 Rd8 27. Rac1 Bd6 28. Bxb6
Bxa4 29. Bxf7+ Qxf7 30. Qxa4 cxb6 31. Kh1 Kg7 32. Qc6 1-0

[Event "Aeroflot Open A 2015"]
[Site "Moscow RUS"]
[Date "2015.04.04"]
[Round "9.32"]
[White "Predke, Alexandr"]
[Black "Ernst, Sipke"]
[Result "1-0"]
[BlackTitle "GM"]
[WhiteElo "2530"]
[BlackElo "2530"]
[WhiteFideId "24107581"]
[BlackFideId "1004689"]
[EventDate "2015.03.27"]

1. e4 e5 2. Nf3 Nc6 3. Bb5 a6 4. Ba4 Nf6 5. d3 d6 6. c3 Be7 7. Nbd2 O-O 8. Nf1
b5 9. Bb3 Na5 10. Bc2 c5 11. Bg5 Nc6 12. Bb3 Be6 13. Bxf6 Bxf6 14. Ne3 Qd7 15.
O-O Ra7 16. h3 Rb8 17. Re1 h6 18. Bd5 Ne7 19. Bxe6 fxe6 20. Ng4 Ng6 21. d4 exd4
22. Nxf6+ gxf6 23. cxd4 Nf4 24. Nh4 Kh7 25. dxc5 dxc5 26. Qg4 e5 27. Rad1 Qxg4
28. hxg4 Rb6 29. g3 Ne6 30. Rd5 Rc7 31. Nf5 c4 32. Kg2 Ng7 33. Red1 Nxf5 34.
gxf5 Rbc6 35. a3 Kg7 36. f4 c3 37. bxc3 exf4 38. gxf4 Rxc3 39. Rd7+ Rxd7 40.
Rxd7+ Kg8 41. Rd6 Re3 42. Re6 Kf7 43. e5 fxe5 44. fxe5 a5 45. Kf2 Re4 46. Kf3
Re1 47. Kf4 Rf1+ 48. Ke4 Re1+ 49. Kd5 Rd1+ 50. Kc5 b4 51. Rf6+ Ke7 52. Re6+ Kf7
53. axb4 Rc1+ 54. Kd4 Rd1+ 55. Ke3 axb4 56. Rf6+ Ke7 57. Rxh6 Re1+ 58. Kd4 Rd1+
59. Kc4 Rf1 60. Rh7+ Kf8 61. f6 Rf4+ 62. Kd5 b3 63. Ke6 Kg8 64. Rg7+ 1-0

[Event "Aeroflot Open A 2015"]
[Site "Moscow RUS"]
[Date "2015.04.04"]
[Round "9.33"]
[White "Tran, Tuan Minh"]
[Black "Korobkov, Piotr"]
[Result "1/2-1/2"]
[WhiteTitle "IM"]
[WhiteElo "2455"]
[BlackElo "2423"]
[WhiteFideId "12401820"]
[BlackFideId "14112787"]
[EventDate "2015.03.27"]

1. d4 Nf6 2. Bg5 e6 3. Nf3 h6 4. Bxf6 Qxf6 5. Nbd2 b6 6. e4 Bb7 7. Bd3 d6 8. Qe2
a6 9. c3 Nd7 10. O-O g6 11. e5 Qe7 12. Be4 Bxe4 13. Qxe4 d5 14. Qe2 c5 15. c4
Bg7 16. Rfe1 O-O 17. Rad1 Rfe8 18. Nb3 dxc4 19. Qxc4 b5 20. Qe2 Rac8 21. g3 Red8
22. h4 cxd4 23. Nbxd4 Nc5 24. Rd2 Qb7 25. Red1 Rd5 26. Rc2 Nd7 27. Rdc1 Rxc2 28.
Qxc2 Nxe5 29. Nxe5 Rxe5 30. Nc6 Rd5 31. b3 b4 32. Qc4 a5 33. Kh2 Bc3 34. Rc2 Kf8
35. a3 Qb6 36. axb4 axb4 37. Ra2 Rc5 38. Ra6 Qb5 39. Qxb5 Rxb5 40. Ra7 Ke8 41.
Kg2 Rc5 42. Na5 Rd5 43. Nc4 Rd1 44. Kf3 Kf8 45. Rb7 Rb1 46. Nd6 f5 47. Rf7+ Kg8
48. Re7 e5 49. Re6 e4+ 50. Kg2 Rxb3 51. Rxg6+ Kh7 52. h5 Rb1 53. Nxf5 b3 54. Rc6
Rc1 55. Rc7+ Kh8 56. Rc8+ Kh7 57. Rc7+ Kg8 58. Rc8+ Kf7 59. Nd6+ Ke6 60. Nxe4 b2
61. Nxc3 Rxc3 62. Rb8 Rc2 63. Rb5 Kd6 64. g4 Kc6 65. Rb8 Kd5 66. Rb4 Kc5 67. Rb8
Kd5 68. g5 hxg5 69. h6 Rc6 70. Rxb2 Rxh6 71. Rb5+ Ke4 72. Kg3 Rf6 73. Rxg5 Rf3+
74. Kg2 Ra3 75. Rg3 Ra8 76. Rf3 Rg8+ 77. Rg3 Ra8 78. Rg4+ Kf5 79. Kg3 Rb8 80.
Ra4 Rc8 81. Ra5+ Kf6 82. Rb5 Ra8 83. f3 Ra4 84. Rh5 Rb4 85. Rh1 Kf5 86. Rh8 Kf6
87. Rh5 Ra4 88. f4 Ra1 89. Rb5 Rg1+ 90. Kf2 Ra1 91. Re5 Rb1 92. Kf3 Rf1+ 93. Ke4
Re1+ 94. Kd5 Rf1 95. Re6+ Kf5 96. Re8 Rd1+ 97. Kc4 Kxf4 1/2-1/2

[Event "Aeroflot Open A 2015"]
[Site "Moscow RUS"]
[Date "2015.04.04"]
[Round "9.34"]
[White "Tregubov, Pavel V."]
[Black "Abdumalik, Zhansaya"]
[Result "1/2-1/2"]
[WhiteTitle "GM"]
[BlackTitle "WGM"]
[WhiteElo "2617"]
[BlackElo "2379"]
[WhiteFideId "4115341"]
[BlackFideId "13703544"]
[EventDate "2015.03.27"]

1. d4 Nf6 2. c4 g6 3. Nc3 d5 4. Nf3 Bg7 5. cxd5 Nxd5 6. Bg5 Nxc3 7. bxc3 c5 8.
e3 Qa5 9. Qd2 Nc6 10. Rb1 a6 11. Be2 e5 12. dxe5 Nxe5 13. O-O O-O 14. Rfc1 Re8
15. Nxe5 Bxe5 16. f4 Bg7 17. Bf3 Qc7 18. Rd1 Qa5 19. c4 Qa3 20. Rb3 Qa4 21. Bd5
Ra7 22. h3 b5 23. Bc6 Rf8 24. cxb5 axb5 25. Bxb5 Qe4 26. Qd3 Qa8 27. Bc4 Bf5 28.
Qe2 Rxa2 29. Rd2 Rxd2 30. Qxd2 Qa4 31. Qe2 Qd7 32. Kh2 Be4 33. Rb5 Qd6 34. Ra5
h6 35. Bh4 Rb8 36. Ra2 Rb7 37. Be1 Kh7 38. Qd2 Qe7 39. Qe2 Rb1 40. Bf2 Qb7 41.
Bd3 Bxd3 42. Qxd3 Rb2 43. Rxb2 Qxb2 44. Bh4 Qa2 45. Qd7 Qc4 46. Bd8 Qb3 47. Bc7
Kg8 48. Qe8+ Kh7 49. Qd7 Kg8 50. Qe8+ 1/2-1/2